Giáo trình sinh học đại cương
Giáo trình sinh học đại cương trình bày cơ bản về sinh học tế bào, di truyền học và các học thuyết tiến hóa cơ bản.
محفوظ في:
| المؤلف الرئيسي: | |
|---|---|
| التنسيق: | كتاب |
| اللغة: | Undetermined |
| منشور في: |
Cần Thơ
Nxb. Đại học Cần Thơ
2012
|
| الموضوعات: | |
| الوسوم: |
إضافة وسم
لا توجد وسوم, كن أول من يضع وسما على هذه التسجيلة!
|
| Thư viện lưu trữ: | Trung tâm Học liệu Trường Đại học Cần Thơ |
|---|
| LEADER | 00782nam a2200193Ia 4500 | ||
|---|---|---|---|
| 001 | CTU_204569 | ||
| 008 | 210402s9999 xx 000 0 und d | ||
| 082 | |a 570.2 | ||
| 082 | |b Đ561/T.2 | ||
| 100 | |a Trần, Phước Đường | ||
| 245 | 0 | |a Giáo trình sinh học đại cương | |
| 245 | 0 | |c Trần Phước Đường chủ biên | |
| 260 | |a Cần Thơ | ||
| 260 | |b Nxb. Đại học Cần Thơ | ||
| 260 | |c 2012 | ||
| 520 | |a Giáo trình sinh học đại cương trình bày cơ bản về sinh học tế bào, di truyền học và các học thuyết tiến hóa cơ bản. | ||
| 650 | |a Sinh học,Di truyền,Genetics,Biological | ||
| 904 | |i Bằng | ||
| 980 | |a Trung tâm Học liệu Trường Đại học Cần Thơ | ||